[Event "LCC 2013 - Gruppo B"]
[Site "Londra"]
[Date "13.12.2013"]
[Round "6B"]
[White "Rowson, J."]
[Black "Kramnik, V."]
[Result "1/2-1/2"]
[WhiteElo "2569"]
[BlackElo "2793"]
[PlyCount "80"]
[EventDate "2013.12.11"]

1. e4 d5 2. exd5 Qxd5 3. Nf3 Bg4 4. Be2 Nc6 5. h3 Bxf3 6. Bxf3 Qe6+ 7. Kf1
O-O-O 8. d3 g6 9. Nc3 Nd4 10. Be3 Bg7 11. g3 Nxf3 12. Qxf3 Nf6 13. Re1 Qf5 14.
Kg2 Qxf3+ 15. Kxf3 Nd5 16. Nxd5 Rxd5 17. b3 e6 18. a4 Rhd8 19. Rb1 a5 20. Rhe1
b6 21. Re2 Kb7 22. Rbe1 R8d6 23. Rd1 Bc3 24. Bf4 Rc6 25. Re4 e5 26. Be3 f5 27.
Rc4 Rdd6 28. Ke2 h5 29. g4 hxg4 30. hxg4 Rxc4 31. bxc4 Kc6 32. Rb1 Bb4 33. gxf5
gxf5 34. Rb3 f4 35. Bd2 f3+ 36. Ke1 Bc5 37. Be3 Bb4+ 38. Bd2 Bc5 39. Be3 Bb4+
40. Bd2 Bc5 1/2-1/2

[Event "LCC 2013 - Gruppo C"]
[Site "Londra"]
[Date "13.12.2013"]
[Round "5C"]
[White "Polgar, Judit"]
[Black "Jones, Gawain C B"]
[Result "0-1"]
[WhiteElo "2693"]
[BlackElo "2654"]
[PlyCount "86"]
[EventDate "2013.12.11"]

1. e4 c5 2. Nf3 d6 3. d4 cxd4 4. Nxd4 Nf6 5. Nc3 g6 6. Be3 Bg7 7. f3 Nc6 8. Qd2
O-O 9. Bc4 Bd7 10. O-O-O Rc8 11. Bb3 Nxd4 12. Bxd4 b5 13. h4 a5 14. h5 a4 15.
Bxf6 Bxf6 16. hxg6 e6 17. e5 Bg7 18. Rxh7 Bxe5 19. Rdh1 fxg6 20. Bd5 Rf7 21.
Rxf7 Kxf7 22. Be4 Qf6 23. Kb1 Rh8 24. Rxh8 Qxh8 25. Nd1 d5 26. Bd3 Qh4 27. a3
Bd6 28. c3 Bf4 29. Qe2 Qh1 30. Bc2 e5 31. g4 Be6 32. Qxb5 Qxf3 33. Qxa4 Qxg4
34. Qa7+ Kf6 35. a4 Qe2 36. Qg1 e4 37. Qd4+ Be5 38. Qc5 Qd2 39. a5 Bf4 40. Bb3
e3 41. Qf8+ Bf7 42. Nxe3 Qxe3 43. Bxd5 Qd3+ 0-1

[Event "LCC 2013 - Gruppo D"]
[Site "Londra"]
[Date "13.12.2013"]
[Round "5D"]
[White "Howell, David W L"]
[Black "Caruana, Fabiano"]
[Result "0-1"]
[WhiteElo "2640"]
[BlackElo "2782"]
[PlyCount "104"]
[EventDate "2013.12.11"]

1. c4 e6 2. g3 Nf6 3. Bg2 d5 4. Nf3 Be7 5. O-O O-O 6. b3 c5 7. Bb2 Nc6 8. e3 d4
9. exd4 cxd4 10. Re1 Ne8 11. Ne5 Nxe5 12. Rxe5 f6 13. Re1 e5 14. f4 exf4 15.
gxf4 Bc5 16. Qf3 Rb8 17. Ba3 Bxa3 18. Qd5+ Qxd5 19. Bxd5+ Kh8 20. Nxa3 Nc7 21.
Bg2 Ne6 22. Rf1 Bd7 23. f5 Nc5 24. Rf4 Nd3 25. Rxd4 Bxf5 26. Nb5 g5 27. Nd6 Bg6
28. Bxb7 Rbd8 29. Bh1 Rd7 30. Rf1 Re7 31. Nf5 Bxf5 32. Rxf5 Nf4 33. Re4 Rfe8
34. Rxe7 Rxe7 35. Kf1 Nd3 36. Bc6 Kg7 37. Rd5 Re1+ 38. Kg2 Nf4+ 39. Kf2 Re2+
40. Kf3 Rxh2 41. Rd7+ Kf8 42. Ke4 Ng6 43. d4 g4 44. Bd5 g3 45. Kf5 Rf2+ 46. Kg4
g2 47. Bxg2 Rxg2+ 48. Kf5 Rf2+ 49. Ke6 Rxa2 50. Rxh7 Ra6+ 51. Kd7 Rb6 52. c5
Rb7+ 0-1

[Event "LCC 2013 - Gruppo D"]
[Site "Londra"]
[Date "13.12.2013"]
[Round "5D"]
[White "Short, Nigel D"]
[Black "Sutovsky, Emil"]
[Result "1-0"]
[WhiteElo "2683"]
[BlackElo "2657"]
[PlyCount "63"]
[EventDate "2013.12.11"]

1. e4 e5 2. Nf3 Nc6 3. Bc4 Bc5 4. c3 Nf6 5. b4 Be7 6. d3 O-O 7. O-O d5 8. exd5
Nxd5 9. Re1 Bf6 10. a4 Nb6 11. Bb3 Nxb4 12. d4 Nc6 13. a5 Nd7 14. d5 Ncb8 15.
Ba3 Be7 16. Nxe5 Nxe5 17. Rxe5 Bd6 18. Re3 Nd7 19. c4 Nc5 20. Nc3 Qh4 21. g3
Qh3 22. Bc2 Bf5 23. Bxf5 Qxf5 24. Nb5 Qf6 25. Nxc7 Rac8 26. Nb5 Be5 27. Nxa7
Bxa1 28. Nxc8 Bd4 29. Rf3 Qe5 30. Ne7+ Qxe7 31. Qxd4 Qe1+ 32. Kg2 1-0

[Event "LCC 2013 - Gruppo D"]
[Site "Londra"]
[Date "13.12.2013"]
[Round "6D"]
[White "Caruana, Fabiano"]
[Black "Short, Nigel D"]
[Result "1-0"]
[WhiteElo "2782"]
[BlackElo "2683"]
[PlyCount "90"]
[EventDate "2013.12.11"]

1. d4 e6 2. Nf3 Nf6 3. c4 Bb4+ 4. Nbd2 b6 5. a3 Bxd2+ 6. Qxd2 d5 7. e3 Ba6 8.
b3 Nc6 9. Qc2 O-O 10. Bd3 Rc8 11. O-O Na5 12. Rd1 h6 13. Bd2 c5 14. dxc5 bxc5
15. Bc3 Rb8 16. Rab1 Kh8 17. h3 Bb7 18. b4 cxb4 19. axb4 Nc6 20. b5 Ne7 21. c5
Rc8 22. c6 Ba8 23. Qa4 Rc7 24. Ba5 Nc8 25. Bxc7 Qxc7 26. Qd4 Re8 27. Ne5 Kg8
28. f4 Re7 29. Ra1 Ne8 30. Ra6 f6 31. Nd7 Qd6 32. Qc5 Qxc5 33. Nxc5 Nc7 34. Ra5
Kf7 35. Rda1 g5 36. Rxa7 Nxa7 37. Rxa7 Nxb5 38. Rxe7+ Kxe7 39. Bxb5 Kd6 40.
Nb7+ Kc7 41. fxg5 fxg5 42. Kf2 Bxb7 43. cxb7 Kxb7 44. Kf3 Kb6 45. Bd7 e5 1-0

[Event "LCC 2013 - Gruppo D"]
[Site "Londra"]
[Date "13.12.2013"]
[Round "6D"]
[White "Sutovsky, Emil"]
[Black "Howell, David W L"]
[Result "1-0"]
[WhiteElo "2657"]
[BlackElo "2640"]
[PlyCount "63"]
[EventDate "2013.12.11"]

1. e4 e5 2. Nf3 Nc6 3. Bb5 Nf6 4. O-O Nxe4 5. d4 Nd6 6. Bxc6 dxc6 7. dxe5 Nf5
8. Qxd8+ Kxd8 9. h3 Bd7 10. Rd1 Kc8 11. a4 Be7 12. a5 c5 13. Nc3 Bc6 14. Nd5
Rd8 15. Nxe7+ Nxe7 16. Bg5 Bxf3 17. gxf3 Rxd1+ 18. Rxd1 Nc6 19. f4 Nd4 20. Kg2
b5 21. Be7 a6 22. Bxc5 Nf5 23. b4 g6 24. Kf3 h5 25. Ke4 Ng7 26. f5 Nxf5 27. Kf4
Rb8 28. Kg5 Rb7 29. Kf6 c6 30. Bb6 Re7 31. f4 Kb7 32. Bd8 1-0

[Event "LCC 2013 - Quarti di finale"]
[Site "Londra"]
[Date "14.12.2013"]
[Round "Q1"]
[White "Kramnik, Vladimir"]
[Black "Anand, Viswanathan"]
[Result "1/2-1/2"]
[WhiteTitle "GM"]
[BlackTitle "GM"]
[WhiteElo "2793"]
[BlackElo "2773"]
[WhiteFideId "4101588"]
[BlackFideId "5000017"]
[EventDate "2013.12.14"]

1. d4 Nf6 2. c4 e6 3. Nf3 d5 4. Nc3 c6 5. Bg5 h6 6. Bxf6 Qxf6 7. g3 dxc4 8. Bg2
Nd7 9. O-O Be7 10. Ne4 Qf5 11. Ned2 e5 12. e4 Qe6 13. Rc1 exd4 14. Nxd4 Qf6 15.
Nxc4 O-O 16. Nf5 Nb6 17. Nxe7+ Qxe7 18. Qd6 Qd8 19. Rfd1 Bg4 20. Qxd8 Rfxd8 21.
Rxd8+ Rxd8 22. Na5 Bc8 23. b3 Kf8 24. f4 Rd2 25. a4 f6 26. Re1 Rc2 27. e5 Rc5
28. b4 Rc3 29. exf6 gxf6 30. b5 Nc4 31. Nxc4 Rxc4 32. bxc6 bxc6 33. a5 Rc5 34.
Bf3 Bd7 35. Ra1 Rc3 36. Kf2 Rc2+ 37. Ke3 Rc3+ 38. Kf2 Rc2+ 39. Ke3 Rc3+ 1/2-1/2

[Event "LCC 2013 - Quarti di finale"]
[Site "Londra"]
[Date "14.12.2013"]
[Round "Q1"]
[White "Adams, Michael"]
[Black "Svidler, Peter"]
[Result "1-0"]
[WhiteTitle "GM"]
[BlackTitle "GM"]
[WhiteElo "2754"]
[BlackElo "2758"]
[WhiteFideId "400041"]
[BlackFideId "4102142"]
[EventDate "2013.12.14"]

1. e4 c5 2. Nf3 e6 3. g3 Nc6 4. Bg2 Nf6 5. Qe2 d5 6. d3 g6 7. e5 Nd7 8. c4 Bg7
9. Bf4 Qa5+ 10. Nbd2 dxc4 11. dxc4 h6 12. h4 Nd4 13. Nxd4 cxd4 14. O-O Bxe5 15.
Nb3 Qc7 16. Bxe5 Qxe5 17. Qd2 Qd6 18. Rfe1 Kf8 19. Nxd4 e5 20. Nb3 Qxd2 21. Nxd2
a5 22. Rad1 Ra6 23. Bh3 Kg7 24. Nf3 Nc5 25. Bxc8 Rxc8 26. Rxe5 Rb6 27. Rdd5 Ne6
28. b3 a4 29. Rb5 Rcc6 30. Kg2 axb3 31. axb3 Nc7 32. Rxb6 Rxb6 33. Nd4 Kf6 34.
Re3 Rd6 35. Ne2 b5 36. Nc3 Rd4 37. Nxb5 Nxb5 38. cxb5 Rb4 39. Kf3 Kf5 40. Ke2
Kg4 41. Kd3 g5 42. Re4+ 1-0

[Event "LCC 2013 - Quarti di finale"]
[Site "Londra"]
[Date "14.12.2013"]
[Round "Q2"]
[White "Anand, Viswanathan"]
[Black "Kramnik, Vladimir"]
[Result "0-1"]
[WhiteTitle "GM"]
[BlackTitle "GM"]
[WhiteElo "2773"]
[BlackElo "2793"]
[WhiteFideId "5000017"]
[BlackFideId "4101588"]
[EventDate "2013.12.14"]

1. Nf3 d5 2. c4 e6 3. d4 Nf6 4. Nc3 c5 5. e3 Nc6 6. a3 a6 7. dxc5 Bxc5 8. b4 Bd6
9. Bb2 O-O 10. Qc2 Qe7 11. Rd1 Rd8 12. Be2 dxc4 13. Bxc4 b5 14. Bd3 Bb7 15. Ne4
Nxe4 16. Bxe4 Rac8 17. Qb1 f5 18. Bd3 a5 19. bxa5 Nxa5 20. O-O Nc4 21. Be2 Be4
22. Qa1 Nxb2 23. Qxb2 b4 24. axb4 Rc2 25. Qb3 Rxe2 26. Nd4 Bd5 27. Qd3 Qh4 0-1

[Event "LCC 2013 - Quarti di finale"]
[Site "Londra"]
[Date "14.12.2013"]
[Round "Q2"]
[White "Svidler, Peter"]
[Black "Adams, Michael"]
[Result "1-0"]
[WhiteTitle "GM"]
[BlackTitle "GM"]
[WhiteElo "2758"]
[BlackElo "2754"]
[WhiteFideId "4102142"]
[BlackFideId "400041"]
[EventDate "2013.12.14"]

1. g3 e5 2. c4 Nf6 3. Bg2 c6 4. Nf3 e4 5. Nd4 d5 6. cxd5 Qxd5 7. Nc2 Qh5 8. h3
Na6 9. Nc3 Qg6 10. Ne3 Bc5 11. Qa4 b5 12. Qc2 Nb4 13. Qb1 Bxe3 14. dxe3 Bf5 15.
a4 bxa4 16. Nxa4 O-O 17. Bd2 Nfd5 18. Nc5 Rfe8 19. Qc1 a5 20. O-O h5 21. Kh2 Qd6
22. Kg1 h4 23. g4 Bg6 24. Bxb4 Nxb4 25. Rd1 Qe5 26. Rd4 Rad8 27. Rc4 f5 28. gxf5
Qxf5 29. Rxa5 Rf8 30. Qe1 Rd5 31. Rxb4 Rxc5 32. Rxc5 Qxc5 33. Bxe4 Qg5+ 34. Bg2
Bf5 35. Qc3 Bxh3 36. Qxc6 Bxg2 37. Qxg2 Qxg2+ 38. Kxg2 h3+ 39. Kg3 h2 40. Rh4
Rb8 41. Rxh2 Rxb2 42. f3 Kf7 43. e4 Kf6 44. e3 Rb3 45. Kf4 g5+ 46. Kg4 Rxe3 47.
Rh6+ Ke5 48. Rg6 1-0

[Event "LCC 2013 - Quarti di finale"]
[Site "Londra"]
[Date "14.12.2013"]
[Round "Q2"]
[White "Gelfand, Boris"]
[Black "Caruana, Fabiano"]
[Result "1/2-1/2"]
[WhiteTitle "GM"]
[BlackTitle "GM"]
[WhiteElo "2777"]
[BlackElo "2782"]
[WhiteFideId "2805677"]
[BlackFideId "2020009"]
[EventDate "2013.12.14"]

1. d4 d6 2. Nf3 Nf6 3. c4 g6 4. Nc3 Bf5 5. d5 e5 6. dxe6 Bxe6 7. Nd4 Bd7 8. g3
Bg7 9. Bg2 Nc6 10. O-O O-O 11. Nc2 Rb8 12. Ne3 Re8 13. Ned5 Nxd5 14. cxd5 Ne5
15. Bf4 g5 16. Bxe5 Bxe5 17. Rc1 f5 18. e3 Qe7 19. Qh5 Qg7 20. Rc2 Re7 21. f4
Bf6 22. fxg5 Bxg5 23. e4 Re5 24. Kh1 Rf8 25. exf5 Rfxf5 26. Rxf5 Bxf5 27. Re2
Rxe2 28. Qxe2 Bf6 29. Be4 Bd7 30. Qe3 Qg5 31. Qxg5+ Bxg5 32. Ne2 Bf6 33. b3 a5
34. Kg2 c5 35. dxc6 bxc6 36. Nf4 d5 37. Bd3 h6 38. Kf3 Kf7 39. g4 Bc8 40. Ng6 c5
41. h4 c4 42. bxc4 dxc4 43. Bc2 c3 44. Kf4 Be6 45. a4 Bb3 46. Bxb3+ Kxg6 47.
Bc2+ Kg7 48. g5 hxg5+ 49. hxg5 Be7 1/2-1/2

[Event "LCC 2013 - Quarti di finale"]
[Site "Londra"]
[Date "14.12.2013"]
[Round "Q3"]
[White "Adams, Michael"]
[Black "Svidler, Peter"]
[Result "1-0"]
[WhiteTitle "GM"]
[BlackTitle "GM"]
[WhiteElo "2754"]
[BlackElo "2758"]
[WhiteFideId "400041"]
[BlackFideId "4102142"]
[EventDate "2013.12.14"]

1. e4 c5 2. Nf3 d6 3. d4 cxd4 4. Nxd4 Nf6 5. Nc3 a6 6. Be3 e5 7. Nf3 Qc7 8. a4
Be6 9. Be2 h6 10. O-O Nbd7 11. h3 Be7 12. Nh2 O-O 13. Ng4 Qc6 14. Qd3 Rfc8 15.
Rfd1 Rab8 16. a5 Nc5 17. Nxf6+ Bxf6 18. Qxd6 Qxd6 19. Rxd6 Be7 20. Rd2 Bg5 21.
Bxg5 hxg5 22. Bg4 b5 23. axb6 Rxb6 24. Nd5 Rb7 25. f3 Rcb8 26. b4 1-0

[Event "LCC 2013 - Quarti di finale"]
[Site "Londra"]
[Date "14.12.2013"]
[Round "Q4"]
[White "Svidler, Peter"]
[Black "Adams, Michael"]
[Result "0-1"]
[WhiteTitle "GM"]
[BlackTitle "GM"]
[WhiteElo "2758"]
[BlackElo "2754"]
[WhiteFideId "4102142"]
[BlackFideId "400041"]
[EventDate "2013.12.14"]

1. g3 d5 2. Bg2 Nf6 3. c4 e6 4. Nf3 Be7 5. O-O O-O 6. Qc2 d4 7. c5 Nc6 8. Ne1 e5
9. e4 Nb4 10. Qc4 a5 11. a3 Be6 12. Qe2 Na6 13. c6 bxc6 14. d3 Nc5 15. Nd2 Nfd7
16. f4 exf4 17. gxf4 f5 18. Rb1 a4 19. Ndf3 Nb3 20. Ng5 Bxg5 21. fxg5 fxe4 22.
Bxe4 Nxc1 23. Rxc1 Qxg5+ 24. Ng2 Bd5 0-1

[Event "LCC 2013 - Semifinale"]
[Site "Londra"]
[Date "15.12.2013"]
[Round "S2"]
[White "Adams, Michael"]
[Black "Gelfand, Boris"]
[Result "1/2-1/2"]
[WhiteTitle "GM"]
[BlackTitle "GM"]
[WhiteElo "2754"]
[BlackElo "2777"]
[WhiteFideId "400041"]
[BlackFideId "2805677"]
[EventDate "2013.12.14"]

1. e4 c5 2. Nf3 d6 3. d4 cxd4 4. Nxd4 Nf6 5. Nc3 a6 6. Be3 Ng4 7. Bg5 h6 8. Bh4
g5 9. Bg3 Bg7 10. Qd2 Nc6 11. Nb3 b5 12. f3 Nge5 13. Bf2 Na5 14. Nxa5 Qxa5 15.
Be2 Be6 16. Bd4 b4 17. Nd1 d5 18. exd5 Qxd5 19. c3 bxc3 20. bxc3 Rd8 21. Ne3 Qa5
22. Rd1 Nc6 23. Nc2 Qxa2 24. O-O Nxd4 25. cxd4 Bb3 26. Bd3 Bxc2 27. Bxc2 Rxd4
28. Qe2 Qe6 29. Qxe6 fxe6 30. Rde1 Rd6 31. Bb3 Bd4+ 32. Kh1 e5 33. Rc1 Kf8 34.
Rc7 Bb6 35. Rb7 Bc5 36. Re1 Rb6 37. Rxb6 Bxb6 38. Rxe5 Bd4 39. Re6 a5 40. g3 Bf6
41. Ra6 Bc3 42. Rc6 Bf6 43. Rc5 Kg7 44. Rxa5 Rb8 45. Bd5 Rb2 46. Be4 h5 47. f4
gxf4 48. Rxh5 fxg3 49. hxg3 Re2 50. Bf3 Re5 51. Rh3 Re3 52. Kg2 Ra3 53. Rh5 Ra2+
54. Kh3 Ra3 55. Kg2 Ra2+ 56. Kf1 Ra3 57. Kf2 Bd4+ 58. Kg2 Re3 59. Rh4 Bf6 60.
Rg4+ Kf7 61. Bd5+ e6 62. Bf3 Ra3 63. Re4 Bg5 64. Re2 Kf6 65. Rf2 Be3 66. Rf1
Ra2+ 67. Be2+ Kg5 68. Kf3 Bc5 69. Bc4 Ra3+ 70. Kg2 Bd6 71. Rf3 Rxf3 72. Kxf3 e5 1/2-1/2